Discographie de Maes - Statistiques

Statistiques générales
  • Ce quiz a été pris 643 fois
  • Le résultat moyen est 27 sur 59
Statistiques - réponses
Réponse % Correct
Blanche
85%
Distant
80%
Dybala
80%
Madrina
77%
Dragovic
76%
Mama
76%
T Max 530
70%
Elvira
69%
Street
69%
LDS
62%
Etoile
61%
Imparfait
61%
Mémoire
60%
Police
60%
Billets verts
59%
Switch Up
59%
Sale Histoire
58%
Sale histoire
58%
Chromé
57%
+ ou -
57%
Prioritaire
57%
A cote de moi
54%
Outro
54%
Marco Polo
53%
Neb Nedal
52%
Zipette
51%
Avenue Montaigne
50%
Weed
50%
Les gens disent
48%
Libérable
48%
Menotté
48%
42 By Night
47%
42 By Night
47%
Depardieu
47%
Panamera
44%
Fumer
43%
J'voulais
43%
Particulière
43%
RS6
43%
Mula
42%
Bâtiment
41%
Penave
40%
Sur moi
40%
Vue
40%
Intro
36%
Mal a la vie
34%
Évitez Nous
26%
Évitez-nous
26%
Dans le tiek's
21%
OCB
18%
Les Derniers Salopards
17%
100K
15%
#LiberezMaes
14%
Radio
14%
Fresh
13%
La Stup
13%
Faut Maye
11%
FQSB
10%
On sort le bang
10%
Aucun quiz correspondant
Distribution des résultats
% des personnes avec chaque résultat
Percentile par nombre de réponses
Votre historique - résultats
Vous n’avez pas pris ce quiz